A narrative of the causes and events of civil-war between princes and people : together with the manner how the people of Rome and of the Netherlands rejected and abjured their king and kingly government, with the form of their oaths of abjuration : extracted out of the Roman and Netherlands history : as likewise some objections now in contest concerning the taking of the like oath in this Common-Wealth examined and answered, if not for satisfaction at least for information of such as are concerned /

Bibliographic Details
Main Author: F. M.
Format: eBook
Language:English
Published: London : Printed for the authour, 1659.
Series:Early English books online.
Subjects:
Online Access:Connect to the full text of this electronic book

MARC

Tag First Indicator Second Indicator Subfields
LEADER 00000nam a2200000Ia 4500
001 in00004300913
005 20200810083031.0
006 m g d
007 cr bn |||a|bb|
008 860602s1659 enk o 00| | eng d
035 |a (OCoLC)13673714 
040 |a EAA  |c EAA  |d m/c  |d EAA  |d WaOLN 
037 |a CL0037000024  |b ProQuest Information and Learning. 300 N. Zeeb Rd., Ann Arbor, MI 48106 
043 |a e-uk---  |a e-it---  |a e-ne--- 
045 |a u4u4 
049 |a UMIA 
100 0 |a F. M. 
245 1 2 |a A narrative of the causes and events of civil-war between princes and people :  |b together with the manner how the people of Rome and of the Netherlands rejected and abjured their king and kingly government, with the form of their oaths of abjuration : extracted out of the Roman and Netherlands history : as likewise some objections now in contest concerning the taking of the like oath in this Common-Wealth examined and answered, if not for satisfaction at least for information of such as are concerned /  |c by F.M. 
260 |a London :  |b Printed for the authour,  |c 1659. 
300 |a 1 online resource (20 pages) 
336 |a text  |b txt  |2 rdacontent 
337 |a computer  |b c  |2 rdamedia 
338 |a online resource  |b cr  |2 rdacarrier 
500 |a Reproduction of original in Huntington Library. 
510 4 |a Wing  |c M21 
533 |a Electronic reproduction.  |b Ann Arbor, Mich. :  |c UMI,  |d 1999-  |f (Early English books online)  |n Digital version of: (Early English books, 1641-1700 ; 794:22)  |7 s1999 miun s 
651 0 |a Great Britain  |x History  |y Civil War, 1642-1649. 
651 0 |a Rome (Italy)  |x History. 
651 0 |a Netherlands  |x History. 
650 0 |a Oaths  |v Early works to 1800. 
830 0 |a Early English books online. 
856 4 0 |u http://proxy.library.tamu.edu/login?url=https://search.proquest.com/docview/2240893697  |z Connect to the full text of this electronic book  |t 0 
999 f f |s f843091d-80d1-37d9-acf3-57aefc9ed34a  |i 10648ae2-057c-3cc3-b62a-9343f796bd82  |t 0 
952 f f |a Texas A&M University  |b College Station  |c Electronic Resources  |d Available Online  |t 0  |h No information provided 
998 f f |t 0  |l Available Online